[Event "Menorca op 3rd"]
[Site "Ciutadella de Menorca"]
[Date "2024.04.03"]
[Round "2"]
[White "Fedoseev, Vladimir1"]
[Black "Malek, Jan"]
[Result "0-1"]
[WhiteElo "2690"]
[BlackElo "2441"]
[PlyCount "122"]
[EventDate "2024.04.02"]
[EventType "swiss"]
[EventRounds "9"]
[EventCountry "ESP"]
[SourceTitle "CB15_2024"]
[SourceDate "2024.04.10"]
[SourceVersion "1"]
[SourceVersionDate "2024.04.10"]
[SourceQuality "1"]

1. d4 Nf6 2. c4 e6 3. Nf3 d5 4. Nc3 dxc4 5. Qa4+ Nbd7 6. e4 c5 7. Bf4 a6 8. d5 exd5 9. exd5 Qb6 10. 0-0-0 Bd6 11. Re1+ Kf8 12. Qxc4 Qc7 13. Bxd6+ Qxd6 14. Qh4 b5 15. a4 Nb6 16. Bd3 Bb7 17. axb5 axb5 18. Nxb5 Qxd5 19. Ne5 Ra1+ 20. Bb1 Bc8 21. Nc3 Qd4 22. Qg3 Bf5 23. Nc6 Qd7 24. Qb8+ Nc8 25. Ne5 Qd4 26. Qc7 Ra7 27. Qc6 Ne7 28. Qb6 Nc8 29. Qb5 Ra1 30. Nf3 Qb4 31. Qc6 Qc4 32. Kd2 Ra6 33. Qc7 Rd6+ 34. Kc1 Qf4+ 35. Re3 Rd1+ 36. Rxd1 Qxc7 37. Nb5 Qb6 38. Bxf5 g6 39. Bd3 Kg7 40. Bc4 Qb8 41. Ne5 Re8 42. Rde1 Nb6 43. Bxf7 Rxe5 44. Rxe5 Kxf7 45. Nc3 Nc4 46. R5e2 Qb3 47. Kb1 Na3+ 48. Kc1 Nc4 49. Kb1 g5 50. Rc1 h6 51. g3 g4 52. Ka1 Qb6 53. Rd1 Na5 54. Kb1 Nb3 55. Re3 Qa6 56. Na2 Nd4 57. Nc3 Nb3 58. Na2 Qa4 59. Rdd3 Ne4 60. Re2 Qc4 61. Rd7+ Ke6 0-1

[Event "Titled Tuesday intern op 06th Feb Early"]
[Site "Chess.com INT"]
[Date "2024.02.06"]
[Round "4"]
[White "Malek, Jan"]
[Black "Onufrienko, Vladislav"]
[Result "0-1"]
[WhiteElo "2447"]
[BlackElo "2046"]
[PlyCount "134"]
[EventDate "2024.02.06"]
[EventType "swiss (blitz)"]
[EventRounds "11"]
[EventCountry "USA"]
[SourceTitle "CB07_2024"]
[SourceDate "2024.02.14"]
[SourceVersion "1"]
[SourceVersionDate "2024.02.14"]
[SourceQuality "1"]

1. Nf3 Nf6 2. d4 d5 3. Bf4 c5 4. e3 Nc6 5. Nbd2 Qb6 6. dxc5 Qxb2 7. Rb1 Qa3 8. Bb5 Bd7 9. 0-0 e6 10. c4 Bxc5 11. Ne5 0-0 12. Nxd7 Nxd7 13. Nb3 Nb6 14. cxd5 Nxd5 15. Qc1 Qxc1 16. Rfxc1 Ba3 17. Rc4 Nxf4 18. exf4 Rac8 19. g3 Nb4 20. Rd1 a6 21. Rxc8 Rxc8 22. Bf1 Nd5 23. f5 Rc2 24. fxe6 fxe6 25. Bh3 Kf7 26. Bxe6+ Kxe6 27. Nd4+ Ke5 28. Nxc2 Bc5 29. Rd3 b5 30. Kf1 a5 31. Ke2 b4 32. a3 Nc3+ 33. Rxc3 bxc3 34. f3 Kd5 35. Kd3 Bg1 36. h3 Bf2 37. g4 Ke5 38. Ke2 Bc5 39. Ne1 Kd4 40. f4 Kc4 41. f5 Bxa3 42. Nc2 Be7 43. Ke3 a4 44. Ke2 a3 45. Kd1 a2 46. Na1 Kd3 47. Nc2 Ba3 48. g5 Be7 49. h4 h6 50. f6 Bf8 51. gxh6 gxh6 52. f7 Kc4 53. Ke2 Kb3 54. Kd3 Kb2 55. h5 Bg7 56. Ne3 a1Q 57. Nc4+ Kb3 58. Ne3 Qb1+ 59. Ke2 Bf8 60. Ng4 c2 61. Ne5 c1Q 62. Nd3 Qxd3+ 63. Kxd3 Qg5 64. Ke4 Qe7+ 65. Kf3 Qxf7+ 66. Kg4 Qf6 67. Kh3 Qg5 0-1

[Event "Titled Tuesday intern op 16th Jan Early"]
[Site "Chess.com INT"]
[Date "2024.01.16"]
[Round "6"]
[White "Andreikin, Dmitry"]
[Black "Malek, Jan"]
[Result "1-0"]
[WhiteElo "2729"]
[BlackElo "2435"]
[PlyCount "53"]
[EventDate "2024.01.16"]
[EventType "swiss (blitz)"]
[EventRounds "11"]
[EventCountry "USA"]
[SourceTitle "CB04_2024"]
[SourceDate "2023.10.16"]
[SourceVersion "1"]
[SourceVersionDate "2023.10.16"]
[SourceQuality "1"]

1. Nf3 d5 2. d4 Nf6 3. c4 e6 4. Bg5 Nbd7 5. e3 a6 6. cxd5 exd5 7. Nc3 h6 8. Bh4 Bb4 9. Bd3 c5 10. 0-0 Bxc3 11. bxc3 c4 12. Bc2 0-0 13. Nd2 Qa5 14. Qc1 Re8 15. a4 Re6 16. f3 Kh8 17. Bb1 Nb6 18. e4 Bd7 19. e5 Ng8 20. f4 Ree8 21. f5 Nxa4 22. Rf3 b5 23. f6 Qb6 24. fxg7+ Kxg7 25. Nf1 Bg4 26. Rf6 h5 27. Rxb6 1-0

[Event "Titled Tuesday intern op 16th Jan Early"]
[Site "Chess.com INT"]
[Date "2024.01.16"]
[Round "4"]
[White "Malek, Jan"]
[Black "Anton Guijarro, David"]
[Result "1-0"]
[WhiteElo "2435"]
[BlackElo "2670"]
[PlyCount "77"]
[EventDate "2024.01.16"]
[EventType "swiss (blitz)"]
[EventRounds "11"]
[EventCountry "USA"]
[SourceTitle "CB04_2024"]
[SourceDate "2023.10.16"]
[SourceVersion "1"]
[SourceVersionDate "2023.10.16"]
[SourceQuality "1"]

1. e4 c5 2. Nc3 Nc6 3. Nf3 d6 4. d4 cxd4 5. Nxd4 e5 6. Nb3 Be6 7. Be3 Be7 8. Qd2 Nf6 9. f3 0-0 10. Nd5 a5 11. Bb6 Qd7 12. Bb5 a4 13. Na5 Bd8 14. Bxd8 Raxd8 15. Bxa4 Kh8 16. 0-0 Qc8 17. Nxc6 bxc6 18. Nxf6 gxf6 19. Qh6 Rg8 20. Qxf6+ Rg7 21. Bb3 Re8 22. Rf2 Kg8 23. Qh6 d5 24. Qe3 d4 25. Qd2 c5 26. Bxe6 Rxe6 27. f4 exf4 28. Qxf4 Qb7 29. b3 Rxe4 30. Qf5 Rg6 31. Raf1 Reg4 32. g3 Rg7 33. Qxc5 Rh4 34. Qe5 h6 35. Rxf7 Rxf7 36. Qe8+ Kg7 37. Rxf7+ Qxf7 38. Qxf7+ Kxf7 39. gxh4 1-0

[Event "Titled Tuesday intern op 16th Jan Early"]
[Site "Chess.com INT"]
[Date "2024.01.16"]
[Round "9"]
[White "Malek, Jan"]
[Black "Pranesh, M."]
[Result "0-1"]
[WhiteElo "2435"]
[BlackElo "2538"]
[PlyCount "60"]
[EventDate "2024.01.16"]
[EventType "swiss (blitz)"]
[EventRounds "11"]
[EventCountry "USA"]
[SourceTitle "CB04_2024"]
[SourceDate "2023.10.16"]
[SourceVersion "1"]
[SourceVersionDate "2023.10.16"]
[SourceQuality "1"]

1. e4 e5 2. Nf3 Nc6 3. d4 exd4 4. Nxd4 Nf6 5. Nxc6 bxc6 6. Bd3 d5 7. exd5 cxd5 8. 0-0 Be7 9. c4 d4 10. Bg5 0-0 11. Nd2 Bb7 12. Nf3 c5 13. Re1 h6 14. Bh4 Qc7 15. Ne5 Rae8 16. Qc2 Bd6 17. Bxf6 Bxe5 18. Bxe5 Rxe5 19. Rxe5 Qxe5 20. Qd2 Re8 21. b4 cxb4 22. Qxb4 Bc6 23. Qd2 h5 24. h4 g6 25. Rb1 Kg7 26. Kf1 Qh2 27. f3 Bxf3 28. Qf2 Re3 29. gxf3 Qh1+ 30. Qg1 Qh3+ 0-1

[Event "Titled Tuesday intern op 16th Jan Early"]
[Site "Chess.com INT"]
[Date "2024.01.16"]
[Round "8"]
[White "Mattenberger, Matthias"]
[Black "Malek, Jan"]
[Result "0-1"]
[WhiteElo "2221"]
[BlackElo "2435"]
[PlyCount "54"]
[EventDate "2024.01.16"]
[EventType "swiss (blitz)"]
[EventRounds "11"]
[EventCountry "USA"]
[SourceTitle "CB04_2024"]
[SourceDate "2023.10.16"]
[SourceVersion "1"]
[SourceVersionDate "2023.10.16"]
[SourceQuality "1"]

1. d4 e6 2. c4 b6 3. a3 Bb7 4. d5 Nf6 5. Nc3 Bd6 6. g3 0-0 7. Bg2 Re8 8. Nf3 exd5 9. Nd4 Nc6 10. Nf5 dxc4 11. Nxd6 cxd6 12. 0-0 Na5 13. Qxd6 Bxg2 14. Kxg2 Qc8 15. Bg5 Re6 16. Qf4 Qc6+ 17. Kg1 Ne4 18. Nxe4 Rxe4 19. Qf3 Rae8 20. Rfe1 Nb3 21. Rad1 Nd4 22. Qg2 Nxe2+ 23. Kf1 Nxg3+ 24. Qxg3 Rxe1+ 25. Rxe1 Qh1+ 26. Qg1 Rxe1+ 27. Kxe1 Qxg1+ 0-1

[Event "Titled Tuesday intern op 09th Jan Early"]
[Site "Chess.com INT"]
[Date "2024.01.09"]
[Round "3"]
[White "Lu, Shanglei"]
[Black "Malek, Jan"]
[Result "1-0"]
[WhiteElo "2611"]
[BlackElo "2435"]
[PlyCount "97"]
[EventDate "2024.01.09"]
[EventType "swiss (blitz)"]
[EventRounds "11"]
[EventCountry "USA"]
[SourceTitle "CB03_2024"]
[SourceDate "2024.01.17"]
[SourceVersion "1"]
[SourceVersionDate "2024.01.17"]
[SourceQuality "1"]

1. e4 c6 2. Nc3 d5 3. Nf3 g6 4. d4 dxe4 5. Nxe4 Nf6 6. Nxf6+ exf6 7. Bc4 Bg7 8. Qe2+ Qe7 9. Qxe7+ Kxe7 10. b3 Be6 11. Ba3+ Kd7 12. Bxe6+ fxe6 13. h4 Na6 14. h5 Nc7 15. 0-0-0 g5 16. Nd2 Nd5 17. Ne4 b6 18. c4 f5 19. h6 Bf6 20. Nxf6+ Nxf6 21. Kd2 a5 22. Bb2 Ke7 23. f3 a4 24. Kc2 Rhd8 25. Bc1 Rg8 26. Kb2 b5 27. Rde1 Kf7 28. cxb5 cxb5 29. Re5 Nd5 30. g4 f4 31. Bd2 Kf6 32. Rc1 Rgc8 33. Rxc8 a3+ 34. Kc2 Rxc8+ 35. Kd3 b4 36. Re1 Ke7 37. Rh1 Kd6 38. Rh5 Rg8 39. Kc4 Rc8+ 40. Kd3 Rg8 41. Bc1 Ke7 42. Rh2 Rc8 43. Rc2 Rxc2 44. Kxc2 Nc3 45. Bxa3 Nxa2 46. Kb2 bxa3+ 47. Kxa2 Kd6 48. b4 Kd5 49. b5 1-0

[Event "Titled Tuesday intern op 09th Jan Early"]
[Site "Chess.com INT"]
[Date "2024.01.09"]
[Round "7"]
[White "Malek, Jan"]
[Black "Narayanan, Sunilduth Lyna"]
[Result "1-0"]
[WhiteElo "2435"]
[BlackElo "2694"]
[PlyCount "61"]
[EventDate "2024.01.09"]
[EventType "swiss (blitz)"]
[EventRounds "11"]
[EventCountry "USA"]
[SourceTitle "CB03_2024"]
[SourceDate "2024.01.17"]
[SourceVersion "1"]
[SourceVersionDate "2024.01.17"]
[SourceQuality "1"]

1. c4 a6 2. Nc3 c6 3. a4 a5 4. d4 g6 5. e4 Bg7 6. Be3 d6 7. h4 h5 8. Be2 Na6 9. Nf3 Bg4 10. Ng5 Bxe2 11. Qxe2 e5 12. 0-0-0 Qe7 13. Kb1 Nf6 14. f3 0-0 15. g4 Nb4 16. d5 Rfc8 17. Rhg1 Qc7 18. Rc1 Qd7 19. Bd2 Rc7 20. Be3 cxd5 21. cxd5 Rac8 22. Nb5 Rxc1+ 23. Rxc1 Rxc1+ 24. Bxc1 hxg4 25. fxg4 Nxg4 26. Nxd6 Qxa4 27. Qc4 Qd1 28. Ndxf7 Ne3 29. Qc8+ Bf8 30. Nh6+ Kg7 31. Qd7+ 1-0

[Event "Rilton Cup 51st"]
[Site "Stockholm"]
[Date "2023.12.31"]
[Round "5"]
[White "Malek, Jan"]
[Black "Nyysti, Sampsa"]
[Result "1-0"]
[WhiteElo "2434"]
[BlackElo "2339"]
[PlyCount "45"]
[EventDate "2023.12.27"]
[EventType "swiss"]
[EventRounds "9"]
[EventCountry "SWE"]
[SourceTitle "CB02_2024"]
[SourceDate "2024.01.10"]
[SourceVersion "1"]
[SourceVersionDate "2024.01.10"]
[SourceQuality "1"]

1. d4 Nf6 2. c4 e6 3. Nc3 Bb4 4. e3 0-0 5. Bd3 Re8 6. Nge2 d5 7. 0-0 Nc6 8. a3 Bd6 9. c5 Bf8 10. f4 a5 11. Bd2 Bd7 12. Kh1 b6 13. cxb6 cxb6 14. Ng1 Ne7 15. g4 Bc6 16. Qf3 Qb8 17. g5 Nd7 18. Qh3 g6 19. Nf3 b5 20. Nd1 Nf5 21. Nf2 a4 22. Ng4 b4 23. Nfe5 1-0

[Event "Berlin Radtke Memorial op"]
[Site "Berlin"]
[Date "2023.10.23"]
[Round "1"]
[White "Engel, Robert"]
[Black "Malek, Jan"]
[Result "0-1"]
[WhiteElo "2123"]
[BlackElo "2428"]
[PlyCount "78"]
[EventDate "2023.10.23"]
[EventType "swiss"]
[EventRounds "9"]
[EventCountry "GER"]
[SourceTitle "Mega2024 Update 01"]
[Source "Chessbase"]
[SourceDate "2023.11.12"]
[SourceVersion "1"]
[SourceVersionDate "2023.11.12"]
[SourceQuality "1"]

1. e4 c5 2. Nf3 d6 3. d4 cxd4 4. Nxd4 Nf6 5. f3 Nc6 6. c4 e6 7. Nc3 Be7 8. Be3 0-0 9. Qd2 d5 10. exd5 exd5 11. Be2 Re8 12. Nxc6 bxc6 13. 0-0 dxc4 14. Qxd8 Bxd8 15. Kf2 Nd5 16. Bd4 Ba6 17. Rfd1 Nb4 18. Ne4 Nc2 19. Bc3 Bb6+ 20. Kf1 Nxa1 21. Rxa1 Rad8 22. g4 Bd4 23. Rc1 Re5 24. h4 c5 25. Rd1 Red5 26. Rc1 h5 27. g5 Kh7 28. f4 Rf5 29. Bd2 Bxb2 30. Rc2 c3 31. Be3 Bxe2+ 32. Kxe2 Rb8 33. Nd6 Rd5 34. Nxf7 Ba1 35. Kf3 Rb2 36. Rc1 c2 37. g6+ Kxg6 38. Ne5+ Kh7 39. Rxa1 Rb1 0-1

[Event "AI Cup Play In"]
[Site "Chess.com INT"]
[Date "2023.09.18"]
[Round "1"]
[White "Malek, Jan"]
[Black "Movsesian, Sergei"]
[Result "0-1"]
[WhiteElo "2422"]
[BlackElo "2606"]
[PlyCount "136"]
[EventDate "2023.09.18"]
[EventType "swiss (rapid)"]
[EventRounds "9"]
[EventCountry "USA"]
[SourceTitle "EXT 2024"]
[Source "ChessBase"]
[SourceDate "2023.10.10"]
[SourceVersion "1"]
[SourceVersionDate "2023.10.10"]
[SourceQuality "1"]

1. c4 e5 2. Nc3 Nc6 3. Nf3 Nf6 4. e3 Bb4 5. Qc2 d6 6. Nd5 a5 7. a3 Bc5 8. Bd3 Bg4 9. Nxf6+ Qxf6 10. Be4 a4 11. Bxc6+ bxc6 12. Qe4 Qg6 13. Qxc6+ Ke7 14. Nxe5 dxe5 15. Qxc7+ Kf6 16. Qxc5 Qd3 17. f3 Be6 18. Qc6 Rac8 19. Qe4 Bxc4 20. Qxd3 Bxd3 21. e4 Rc2 22. Kf2 Rb8 23. Re1 Ke6 24. Re3 Rb3 25. g3 f6 26. h4 h5 27. Kg2 Kd6 28. Kf2 Kc5 29. g4 g6 30. Kg3 Kd4 31. Kf2 Rb7 32. Kg3 Rb8 33. Re1 Rb3 34. Re3 Rb7 35. Re1 Rbc7 36. Kh3 Rc8 37. Kg3 Rb8 38. Re3 Rh8 39. Re1 f5 40. exf5 gxf5 41. gxf5 Rf8 42. Kf2 Rxf5 43. Rg1 e4 44. Rg3 e3+ 45. Ke1 e2 46. Kf2 Rfc5 47. Rg1 Rc8 48. Rb1 R2c6 49. Ra1 Rc2 50. Rb1 R2c7 51. Ra1 Rf7 52. b3 Rcf8 53. Bb2+ Kd5 54. Rg5+ Kd6 55. Be5+ Ke6 56. f4 axb3 57. Ke3 Rd8 58. Rxh5 Ba6 59. Rb1 Bc4 60. d4 b2 61. d5+ Rxd5 62. Rh6+ Kd7 63. Bxb2 Rd3+ 64. Kf2 Rxf4+ 65. Kxe2 Rh3+ 66. Kd2 Rf2+ 67. Ke1 Re2+ 68. Kd1 Rh1# 0-1

[Event "AI Cup Play In"]
[Site "Chess.com INT"]
[Date "2023.09.18"]
[Round "5"]
[White "Malek, Jan"]
[Black "Samadov, Read"]
[Result "1/2-1/2"]
[WhiteElo "2422"]
[BlackElo "2492"]
[PlyCount "146"]
[EventDate "2023.09.18"]
[EventType "swiss (rapid)"]
[EventRounds "9"]
[EventCountry "USA"]
[SourceTitle "EXT 2024"]
[Source "ChessBase"]
[SourceDate "2023.10.10"]
[SourceVersion "1"]
[SourceVersionDate "2023.10.10"]
[SourceQuality "1"]

1. d4 Nf6 2. Nf3 g6 3. Bg5 Bg7 4. Nbd2 0-0 5. e4 d6 6. Bd3 c5 7. c3 cxd4 8. cxd4 Nc6 9. 0-0 h6 10. Be3 Ng4 11. Nb3 Nxe3 12. fxe3 a5 13. a3 Qb6 14. Nbd2 Bg4 15. Nc4 Qd8 16. h3 Bxf3 17. Qxf3 b5 18. Nd2 Qb6 19. Rac1 Rac8 20. Qe2 Rb8 21. Rc2 a4 22. Rfc1 Na5 23. Rc7 e6 24. Rd7 Nc6 25. Kh1 Rfd8 26. Rxd8+ Nxd8 27. Qd1 Nc6 28. Qe2 h5 29. Nf3 b4 30. Qc2 bxa3 31. bxa3 Qb3 32. Qd2 Qb6 33. Qc2 Qb3 34. Rb1 Qxb1+ 35. Qxb1 Rxb1+ 36. Bxb1 Bh6 37. d5 exd5 38. exd5 Na5 39. Bc2 Bxe3 40. Bxa4 Nc4 41. Bc6 Nxa3 42. Ne1 Kg7 43. Nd3 g5 44. g3 Nc2 45. Kg2 Nd4 46. Bd7 f5 47. Nb2 f4 48. Nc4 Kf6 49. Nxd6 fxg3 50. Ne4+ Ke5 51. Nxg3 h4 52. Nf1 Bf4 53. Be6 Nxe6 54. dxe6 Kxe6 55. Kf3 Kf5 56. Kf2 Ke4 57. Ke2 Ke5 58. Kf3 Kd4 59. Kf2 Kc3 60. Ne3 Kd3 61. Nf5 Ke4 62. Nh6 Bg3+ 63. Kg2 Kf4 64. Ng4 Be1 65. Nh6 Bb4 66. Ng4 Bf8 67. Nf6 Kf5 68. Ng4 Bg7 69. Kf3 Bd4 70. Nh6+ Kg6 71. Ng4 Kf5 72. Nh6+ Kg6 73. Ng4 Kf5 1/2-1/2

[Event "EU-ch U16 31st"]
[Site "Mamaia"]
[Date "2023.09.13"]
[Round "8"]
[White "Seemann, Jakub"]
[Black "Malek, Jan"]
[Result "1/2-1/2"]
[WhiteElo "2422"]
[BlackElo "2422"]
[PlyCount "50"]
[EventDate "2023.09.05"]
[EventType "swiss"]
[EventRounds "9"]
[EventCountry "ROU"]
[SourceTitle "EXT 2024"]
[Source "ChessBase"]
[SourceDate "2023.10.10"]
[SourceVersion "1"]
[SourceVersionDate "2023.10.10"]
[SourceQuality "1"]

1. c4 e6 2. Nf3 d5 3. g3 Nf6 4. Bg2 d4 5. 0-0 c5 6. e3 Nc6 7. d3 Bd6 8. exd4 cxd4 9. Bg5 h6 10. Bxf6 Qxf6 11. a3 a5 12. Nbd2 Qd8 13. Rc1 0-0 14. c5 Be7 15. Ne4 Bd7 16. Nfd2 Ne5 17. Nc4 Nxc4 18. Rxc4 Bb5 19. Rc1 Qd7 20. f4 Rfc8 21. g4 Bc6 22. f5 Bxe4 23. Bxe4 Rxc5 24. Rxc5 Bxc5 25. g5 hxg5 1/2-1/2

[Event "EU-ch U16 31st"]
[Site "Mamaia"]
[Date "2023.09.11"]
[Round "6"]
[White "Macias Pino, Diego"]
[Black "Malek, Jan"]
[Result "1/2-1/2"]
[WhiteElo "2438"]
[BlackElo "2422"]
[PlyCount "108"]
[EventDate "2023.09.05"]
[EventType "swiss"]
[EventRounds "9"]
[EventCountry "ROU"]
[SourceTitle "EXT 2024"]
[Source "ChessBase"]
[SourceDate "2023.10.10"]
[SourceVersion "1"]
[SourceVersionDate "2023.10.10"]
[SourceQuality "1"]

1. e4 e5 2. Nf3 Nc6 3. Bc4 Nf6 4. d3 Bc5 5. Nc3 h6 6. 0-0 0-0 7. h3 Re8 8. a3 Nd4 9. Na4 Bf8 10. Be3 Nxf3+ 11. Qxf3 d6 12. d4 d5 13. exd5 e4 14. Qg3 Nh5 15. Qh2 Bd6 16. g3 Qd7 17. Nc3 a6 18. Rfe1 Qxh3 19. Bf1 Qf5 20. Bg2 Nf6 21. Qh4 Qg6 22. Bf4 Bg4 23. Bxd6 cxd6 24. Re3 Bf3 25. Bxf3 exf3 26. Rd3 Nh7 27. Kf1 Ng5 28. Qf4 Re7 29. Re1 Rae8 30. Rxe7 Rxe7 31. Qg4 f5 32. Qf4 Qh5 33. Qh4 Qe8 34. Rd1 Re2 35. Rc1 Ne4 36. Nxe4 fxe4 37. Qg4 e3 38. fxe3 Rxe3 39. c4 Kh8 40. Qf5 a5 41. Qf4 Re7 42. Qg4 Re3 43. Qf5 a4 44. Rd1 b6 45. Qf4 Rd3 46. Re1 Rd1 47. Qd2 Rxe1+ 48. Qxe1 Qh5 49. Kf2 Qg4 50. Qe3 Kh7 51. Qd3+ Kg8 52. c5 bxc5 53. dxc5 Qh3 54. Kxf3 Qh1+ 1/2-1/2

[Event "POL-ch Blitz U18"]
[Site "Bydgoszcz"]
[Date "2023.08.31"]
[Round "4"]
[White "Budzisz, Adrian"]
[Black "Malek, Jan"]
[Result "0-1"]
[WhiteElo "1975"]
[BlackElo "2416"]
[PlyCount "80"]
[EventDate "2023.08.28"]
[EventType "swiss"]
[EventRounds "10"]
[EventCountry "POL"]
[SourceTitle "EXT 2024"]
[Source "ChessBase"]
[SourceDate "2023.10.10"]
[SourceVersion "1"]
[SourceVersionDate "2023.10.10"]
[SourceQuality "1"]

1. Nf3 d5 2. g3 c5 3. e3 Nc6 4. Bg2 e5 5. d3 Nf6 6. 0-0 Be7 7. b3 0-0 8. Bb2 Qc7 9. Nbd2 Be6 10. Re1 Rad8 11. h3 h6 12. Qe2 Rfe8 13. a3 Bf8 14. Qf1 a6 15. Rad1 b5 16. Nh2 d4 17. e4 Bd6 18. Bc1 Na5 19. Nb1 c4 20. b4 cxd3 21. cxd3 Nb3 22. f4 Rc8 23. fxe5 Bxe5 24. Bf4 Nh5 25. Bxe5 Qxe5 26. Nf3 Qxg3 27. Nbd2 Nf4 28. Nxb3 Nxh3+ 29. Kh1 Nf2+ 30. Kg1 Nxd1 31. Nbxd4 Nc3 32. Nxe6 Rxe6 33. Qf2 Qg4 34. Kh2 Qf4+ 35. Qg3 Qxg3+ 36. Kxg3 Rd8 37. Re3 Nd1 38. Re1 Rxd3 39. Kf4 Nc3 40. Bh3 Rf6+ 0-1

[Event "Ustron op-A"]
[Site "Ustron"]
[Date "2023.08.19"]
[Round "9"]
[White "Malek, Jan"]
[Black "Akbas, Umut Ata"]
[Result "0-1"]
[WhiteElo "2416"]
[BlackElo "2430"]
[PlyCount "64"]
[EventDate "2023.08.11"]
[EventType "swiss"]
[EventRounds "9"]
[EventCountry "POL"]
[SourceTitle "CBM 215 Extra"]
[Source "ChessBase"]
[SourceDate "2023.09.30"]
[SourceVersion "1"]
[SourceVersionDate "2023.09.30"]
[SourceQuality "1"]

1. e4 c5 2. Nf3 d6 3. d4 cxd4 4. Nxd4 Nf6 5. Nc3 a6 6. h3 e6 7. g4 h6 8. Bg2 Be7 9. Be3 Nc6 10. Qd2 Ne5 11. 0-0-0 Nc4 12. Qd3 Nxe3 13. Qxe3 Nd7 14. Kb1 g5 15. h4 Rg8 16. hxg5 hxg5 17. Rh5 Ne5 18. Qg3 Qb6 19. Bf1 Bd7 20. Nf3 Bf6 21. Rh6 Nxg4 22. Rxd6 Qc5 23. e5 Bxe5 24. Nxe5 Qxe5 25. Qxg4 Qxd6 26. Ne4 Qf4 27. Nf6+ Ke7 28. Qe2 Bc6 29. Nxg8+ Rxg8 30. Rh3 Rd8 31. f3 Rd2 32. Qe1 Bxf3 0-1

[Event "Ustron op-A"]
[Site "Ustron"]
[Date "2023.08.16"]
[Round "6"]
[White "Nowak, Mikolaj"]
[Black "Malek, Jan"]
[Result "0-1"]
[WhiteElo "2367"]
[BlackElo "2416"]
[PlyCount "118"]
[EventDate "2023.08.11"]
[EventType "swiss"]
[EventRounds "9"]
[EventCountry "POL"]
[SourceTitle "CBM 215 Extra"]
[Source "ChessBase"]
[SourceDate "2023.09.30"]
[SourceVersion "1"]
[SourceVersionDate "2023.09.30"]
[SourceQuality "1"]

1. d4 Nf6 2. c4 g6 3. Nf3 Bg7 4. g3 0-0 5. Bg2 d6 6. 0-0 c6 7. Nc3 Bf5 8. Ne1 e5 9. d5 cxd5 10. cxd5 a5 11. e4 Bd7 12. Nd3 Na6 13. a4 Nb4 14. Bg5 Qb6 15. Bf3 Qd4 16. Nxb4 axb4 17. Qxd4 exd4 18. Nb5 Bxb5 19. axb5 Rfe8 20. Bf4 Rad8 21. Rfe1 h6 22. Kf1 g5 23. Bxd6 Rxd6 24. e5 Rb6 25. exf6 Rxe1+ 26. Kxe1 Bxf6 27. Kd2 Rxb5 28. Ra8+ Kg7 29. Kd3 Rb6 30. Kc4 Be5 31. Be4 Rf6 32. f3 h5 33. Re8 Bd6 34. Kxd4 Rh6 35. Rd8 b5 36. Rd7 Kf8 37. b3 Ke8 38. Rb7 h4 39. gxh4 Rxh4 40. Rxb5 f5 41. Rb6 Ke7 42. Rb7+ Kf6 43. Rb6 Ke7 44. Rb7+ Kd8 45. Rg7 fxe4 46. fxe4 g4 47. Kc4 Bxh2 48. Kxb4 Be5 49. Rg5 g3 50. Kc5 Rxe4 51. d6 Kd7 52. Kd5 Re2 53. Rg6 g2 54. b4 Bh2 55. Rg7+ Kc8 56. Rg8+ Kb7 57. d7 Rd2+ 58. Kc4 g1Q 59. d8Q Qc1+ 0-1

[Event "Ustron op-A"]
[Site "Ustron"]
[Date "2023.08.14"]
[Round "5"]
[White "Malek, Jan"]
[Black "Starosta, Martyna"]
[Result "1-0"]
[WhiteElo "2416"]
[BlackElo "2154"]
[PlyCount "55"]
[EventDate "2023.08.11"]
[EventType "swiss"]
[EventRounds "9"]
[EventCountry "POL"]
[SourceTitle "CBM 215 Extra"]
[Source "ChessBase"]
[SourceDate "2023.09.30"]
[SourceVersion "1"]
[SourceVersionDate "2023.09.30"]
[SourceQuality "1"]

1. d4 Nf6 2. c4 e6 3. Nc3 Bb4 4. e3 c5 5. Nge2 cxd4 6. exd4 0-0 7. a3 Be7 8. d5 exd5 9. cxd5 Bc5 10. b4 Bb6 11. Na4 Ng4 12. Nxb6 Qxb6 13. Nd4 Qc7 14. Be2 Qc3+ 15. Qd2 Qxa1 16. Bxg4 Re8+ 17. Be2 a5 18. b5 Re4 19. Qc2 Re8 20. Nf5 Qf6 21. Bb2 Qg5 22. Nxg7 Rf8 23. Nh5 f5 24. d6 h6 25. Nf6+ Kf7 26. Bh5+ Ke6 27. Qe2+ Kxd6 28. Qe5# 1-0

[Event "Titled Tuesday intern op 08th Aug Early"]
[Site "Chess.com INT"]
[Date "2023.08.08"]
[Round "1"]
[White "Malek, Jan"]
[Black "Adury, Anant"]
[Result "0-1"]
[WhiteElo "2416"]
[BlackElo "2108"]
[PlyCount "170"]
[EventDate "2023.08.08"]
[EventType "swiss (blitz)"]
[EventRounds "11"]
[EventCountry "USA"]
[SourceTitle "EXT 2024"]
[Source "ChessBase"]
[SourceDate "2023.10.10"]
[SourceVersion "1"]
[SourceVersionDate "2023.10.10"]
[SourceQuality "1"]

1. c4 e5 2. d3 Nc6 3. Nf3 Nf6 4. g3 Bb4+ 5. Bd2 Bxd2+ 6. Nbxd2 0-0 7. Bg2 d6 8. 0-0 Rb8 9. a3 h6 10. b4 Be6 11. b5 Ne7 12. a4 c5 13. a5 Qd7 14. Nb3 Bh3 15. Re1 Bxg2 16. Kxg2 Nf5 17. e4 Nd4 18. Nfxd4 cxd4 19. a6 b6 20. h3 Qe7 21. Qf3 Nd7 22. Qg4 Nc5 23. Nxc5 dxc5 24. f4 f6 25. Rf1 Rbe8 26. fxe5 fxe5 27. h4 Qe6 28. Rxf8+ Kxf8 29. Rf1+ Kg8 30. Qh5 Rf8 31. Rxf8+ Kxf8 32. Kf3 Qf7+ 33. Qf5 g6 34. Qxf7+ Kxf7 35. Kg2 Kf6 36. Kh3 h5 37. g4 Ke7 38. Kg3 Kf6 39. Kf3 Kg7 40. Kf2 Kh6 41. Kg3 Kh7 42. Kh2 Kg7 43. Kh3 Kh7 44. Kg3 Kg7 45. Kf3 Kf6 46. Kf2 Kg7 47. Kf3 Kh7 48. Kg2 Kh6 49. Kh2 hxg4 50. Kg2 Kh5 51. Kg3 g5 52. hxg5 Kxg5 53. Kg2 Kf4 54. Kf2 g3+ 55. Ke2 g2 56. Kf2 g1Q+ 57. Kxg1 Ke3 58. Kg2 Kxd3 59. Kf3 Kxc4 60. Kg4 d3 61. Kf5 d2 62. Kxe5 d1Q 63. Ke6 Kxb5 64. e5 Kxa6 65. Ke7 Qe2 66. Kd6 Qxe5+ 67. Kxe5 Kb5 68. Ke4 Kb4 69. Kd3 Kb3 70. Kd2 Kb2 71. Kd3 a5 72. Kc4 a4 73. Kb5 a3 74. Kxb6 a2 75. Kc6 a1Q 76. Kd5 c4 77. Kc6 c3 78. Kb5 c2 79. Kb4 c1R 80. Kb5 Qb1 81. Kb6 Ka1+ 82. Ka7 Qa2+ 83. Kb6 Qb2+ 84. Ka6 Rc3 85. Ka5 Ra3# 0-1

[Event "Titled Tuesday intern op 08th Aug Early"]
[Site "Chess.com INT"]
[Date "2023.08.08"]
[Round "3"]
[White "Malek, Jan"]
[Black "Swicarz, Maciej"]
[Result "1/2-1/2"]
[WhiteElo "2416"]
[BlackElo "2261"]
[PlyCount "101"]
[EventDate "2023.08.08"]
[EventType "swiss (blitz)"]
[EventRounds "11"]
[EventCountry "USA"]
[SourceTitle "EXT 2024"]
[Source "ChessBase"]
[SourceDate "2023.10.10"]
[SourceVersion "1"]
[SourceVersionDate "2023.10.10"]
[SourceQuality "1"]

1. a3 c5 2. b3 Nc6 3. Bb2 e5 4. e3 d6 5. g3 g6 6. Bg2 Bg7 7. Ne2 Nge7 8. d3 0-0 9. Nd2 f5 10. h3 Be6 11. 0-0 Qd7 12. Kh2 Rae8 13. f4 b6 14. Nc4 Qc7 15. a4 d5 16. Nxe5 Nxe5 17. fxe5 Bxe5 18. Bxe5 Qxe5 19. Nf4 Bf7 20. d4 Qxe3 21. a5 g5 22. Re1 Qxd4 23. Qxd4 cxd4 24. Ne6 Bxe6 25. Rxe6 f4 26. gxf4 gxf4 27. axb6 axb6 28. Rae1 f3 29. Bf1 f2 30. R1e5 Rf7 31. Bb5 Kf8 32. Kg2 Rc8 33. Rxb6 Rxc2 34. Bf1 Rc1 35. Rb8+ Kg7 36. Rb7 Re1 37. Rg5+ Kh6 38. h4 d3 39. Bxd3 f1Q+ 40. Bxf1 Rexf1 41. Rxe7 R1f2+ 42. Kg1 Rf1+ 43. Kg2 R7f2+ 44. Kg3 Rf3+ 45. Kh2 R1f2+ 46. Kg1 Rf1+ 47. Kg2 R1f2+ 48. Kg1 Rf1+ 49. Kh2 R1f2+ 50. Kh1 Rf1+ 51. Kh2 1/2-1/2